El municipio en la organización de la sociedad : (Record no. 109619)

MARC details
000 -LEADER
campo de control de longitud fija 00769nam a2200181 i 4500
001 - NÚMERO DE CONTROL
campo de control 109619
003 - IDENTIFICADOR DE NÚMERO DE CONTROL
campo de control ES-MaACL
005 - FECHA Y HORA DE LA ÚLTIMA TRANSACCIÓN
campo de control 20230906184857.0
007 - CAMPO FIJO DE DESCRIPCIÓN FÍSICA--INFORMACIÓN GENERAL
campo de control de longitud fija t|
008 - DATOS DE LONGITUD FIJA--INFORMACIÓN GENERAL
campo de control de longitud fija 061121s1971 sp r ||||1| spa d
111 2# - ENTRADA PRINCIPAL--NOMBRE DE CONGRESO/REUNIÓN
Nombre de congreso/reunión o jurisdicción como elemento de entrada Reunión de Amigos de la Ciudad Católica (
Número del congreso/reunión o número de parte o sección 9ª.
Fecha del congreso o de la firma del tratado 1970.
Sede del congreso/Lugar de la reunión Poblet-Vimbodí, Tarragona)
9 (RLIN) 169057
245 13 - MENCIÓN DEL TÍTULO
Título El municipio en la organización de la sociedad :
Resto del título actas de la IX Reunión de Amigos de la Ciudad Católica, celebrada en las Masías de Poblet y Vimbodí, los días, 6, 7 y 8 de diciembre de 1970 /
Mención de responsabilidad, etc. Rafael Gambra [y otros].
260 ## - PUBLICACIÓN, DISTRIBUCIÓN, ETC.
Lugar de publicación, distribución, etc. Madrid :
Nombre del editor, distribuidor, etc. Speiro,
Fecha de publicación, distribución, etc. 1971.
300 ## - DESCRIPCIÓN FÍSICA
Extensión 200 p. ;
Dimensiones 21 cm.
650 #4 - PUNTO DE ACCESO ADICIONAL DE MATERIA--TÉRMINO DE MATERIA
Término de materia o nombre geográfico como elemento de entrada Municipios-
Subdivisión de forma Congresos y asambleas.
9 (RLIN) 154075
700 1# - ENTRADA AGREGADA--NOMBRE PERSONAL
Nombre de persona Gambra, Rafael.
9 (RLIN) 53775
852 ## - LOCALIZACIÓN
Ubicación ES-MaACL
Número de control de estantería C-45647
Sublocalización o colección R.81046
Holdings
Estatus retirado Estado de pérdida Estado de daño No para préstamo Biblioteca de origen Biblioteca actual Ubicación en estantería Fecha de adquisición Fuente de adquisición Total de préstamos Signatura topográfica completa Código de barras Visto por última vez Precio de reemplazo Tipo de ítem Koha
        Biblioteca del Ateneo de Madrid Biblioteca del Ateneo de Madrid Depósito 2 17/01/2008     C-45647 1114374 23/02/2023 23/02/2023 Libro impreso